Blackov-Littermanov model v teórii a praxi

Gespeichert in:
Bibliographische Detailangaben
1. Verfasser: Pinda, Ľudovít, 1958-
Format: Buchkapitel
Sprache:Englisch
Schlagworte:
Tags: Tag hinzufügen
Keine Tags, Fügen Sie das erste Tag hinzu!

MARC

LEADER 00000naa$a2200000$$$4500
001 0271020
005 20240502074244.8
041 0 |a eng 
044 |a SK 
245 1 0 |a Blackov-Littermanov model v teórii a praxi  |c Ľudovít Pinda 
500 |a abstrakt 
610 2 0 |a modely 
610 2 0 |a teória a prax 
610 2 0 |a indexy burzové 
610 2 0 |a trh burzový 
100 1 |a Pinda, Ľudovít, 1958-